The Global 200 executive recruiters / (Record no. 5863)
[ view plain ]
| 000 -LEADER | |
|---|---|
| fixed length control field | 00729nam a22002292 4500 |
| 001 - CONTROL NUMBER | |
| control field | 0000002451 |
| 005 - DATE AND TIME OF LATEST TRANSACTION | |
| control field | 20151217151854.0 |
| 008 - FIXED-LENGTH DATA ELEMENTS--GENERAL INFORMATION | |
| fixed length control field | 070411s xx 000 0 eng d |
| 020 ## - INTERNATIONAL STANDARD BOOK NUMBER | |
| International Standard Book Number | 0787941395 : |
| Terms of availability | KES 200 (donation) |
| 040 ## - CATALOGING SOURCE | |
| Original cataloging agency | KABU |
| Transcribing agency | KABU |
| 050 #0 - LIBRARY OF CONGRESS CALL NUMBER | |
| Classification number | HF5549.5 |
| Item number | .R44J462 1998 |
| 100 1# - MAIN ENTRY--PERSONAL NAME | |
| Personal name | Garrison-Jenn, Nancy. |
| -- | 0000151818 |
| 245 14 - TITLE STATEMENT | |
| Title | The Global 200 executive recruiters / |
| Statement of responsibility, etc. | Nancy Garrison-Jenn. |
| 250 ## - EDITION STATEMENT | |
| Edition statement | 1st ed. |
| 260 ## - PUBLICATION, DISTRIBUTION, ETC. (IMPRINT) | |
| Place of publication, distribution, etc. | San Francisco : |
| Name of publisher, distributor, etc. | Jossey-Bass Publishers, |
| Date of publication, distribution, etc. | 1998. |
| 300 ## - PHYSICAL DESCRIPTION | |
| Extent | xvii, 332 p. |
| 650 #0 - SUBJECT ADDED ENTRY--TOPICAL TERM | |
| Topical term or geographic name as entry element | Executive |
| General subdivision | Recruiting. |
| -- | 0000151819 |
| 650 #0 - SUBJECT ADDED ENTRY--TOPICAL TERM | |
| Topical term or geographic name as entry element | Business Consultants. |
| -- | 0000150999 |
| 908 ## - PUT COMMAND PARAMETER (RLIN) | |
| Put command parameter | 070411 |
| 950 ## - LOCAL HOLDINGS (RLIN) | |
| -- | 1 |
| Withdrawn status | Lost status | Source of classification or shelving scheme | Not for loan | Home library | Current library | Date acquired | Total Checkouts | Full call number | Barcode | Date last seen | Price effective from | Koha item type |
|---|---|---|---|---|---|---|---|---|---|---|---|---|
| Library of Congress Classification | Kabarak, Main Campus | Kabarak, Main Campus | 17/12/2015 | HF5549.5 .R44J462 1998 | 009585 | 02/08/2024 | 17/12/2015 | General Collection |